=LDR 00000nam 2200000 4500 =001 INLIS000000000000308 =005 20150306090737.0 =006 =007 =008 Ind =035 ##$$0010-061300000000308 =041 ##$$a Ind =082 ##$$a 613.95 =090 ##$$a 613.95 Poh s =100 ##$$a Pohan, M.Imran =245 ##$$a Seks dan kehidupan anak, sebuah buku pedoman untuk orang tua / M.Imran Pohan =260 ##$$a Jakarta $b Asri Media Pustaka $c 1990 =300 ##$$a 90 hlm. : ilus. ; 21 cm =650 ##$$a Kesehatan Sex =850 ##$$a NBPNMAT